Dollar & sense

Bibliographic Details
Main Author: Allen, Margaret
Format: Book
Published: Singapore : Times Books International , 2001
Subjects:

MARC

LEADER 00000cam a2200000 7i4500
001 0000024173
005 20081202.0
008 081202
020 |a 9812321721 
090 0 0 |a 332.024   |b ALL 
100 1 |a Allen, Margaret 
245 1 0 |a Dollar & sense   |c Margaret Allen 
260 |a Singapore :   |b Times Books International ,   |c 2001 
650 0 |a Finance, personal 
650 0 |a Insurance 
650 0 |a Retirement   |x Planning 
650 0 |a Risk management 
650 0 |a Tax planning 
999 |a 0000926944   |b Book   |c Adult Collection   |e Cawangan Bukit Gambir 
999 |a 0000938425   |b Book   |c Adult Collection   |e Cawangan Tangkak 
999 |a 0001027994   |b Book   |c Adult Collection   |e Perbadanan Perpustakaan Awam Johor